Použitie vysokorozlišovacej atómovej absorpčnej spektrometrie s kontinuálnym zdrojom žiarenia a elektrochemických metód na stanovenie antimónu a halogénov kandidátska dizertácia
Salvato in:
| Autore principale: | |
|---|---|
| Natura: | Libro |
| Lingua: | inglese |
| Pubblicazione: |
Bratislava
STU FCHPT
2017
|
| Accesso online: | Visualizza in OPAC |
| Tags: |
Nessun Tag, puoi essere il primo ad aggiungerne!!
|
MARC
| LEADER | 00000nam a2200000 a 4500 | ||
|---|---|---|---|
| 005 | 20260127134422.0 | ||
| 008 | 200306 000 0 eng d | ||
| 035 | |a vtls011922532 | ||
| 039 | 9 | |y 202003061147 |z mschk03 | |
| 040 | |a STUSCHK1 |b slo |c STUSCHK1 |e AACR2 | ||
| 100 | 1 | |a Machyňák, Ľubomír | |
| 245 | 1 | |a Použitie vysokorozlišovacej atómovej absorpčnej spektrometrie s kontinuálnym zdrojom žiarenia a elektrochemických metód na stanovenie antimónu a halogénov |b kandidátska dizertácia |c Ľubomír Machyňák | |
| 260 | |a Bratislava |b STU FCHPT |c 2017 | ||
| 300 | |a 67 s. |b 67 s. |c 25 cm | ||
| 500 | |a Študijný program: analytická chémia | ||
| 500 | |a Študijný odbor: analytická chémia | ||
| 500 | |a Školiace pracovisko: Ústav analytickej chémie | ||
| 500 | |a Evid. číslo: FCHPT-20517-58199 | ||
| 910 | |a SCHK95 | ||
| 999 | |c 12331 |d 12331 | ||